[Event "Hessen Senioren-ch 2012  8th"]
[Site "Bad Sooden-Adf. (14.4.-22.4)"]
[Date "2012.04.19"]
[Round "6.88"]
[White "Dinius, Helmut"]
[Black "Hartlaub, Marianne"]
[Result "1-0"]
[WhiteElo "1475"]
[BlackElo "1328"]
[PlyCount "115"]
[EventDate "2012.04.??"]
[EventType "swiss"]
[EventRounds "9"]
[EventCountry "GER"]
[WhiteTeam "Ludwigsstadt TSV"]
[BlackTeam "Klingenberg SK"]

1. e4 d6 2. g3 c6 3. Bg2 e5 4. d3 Be7 5. Ne2 Bg5 6. O-O Be6 7. Nbc3 Nd7 8. a3
a5 9. f4 exf4 10. Nxf4 Nc5 11. Kh1 Rb8 12. d4 Bxf4 13. Bxf4 Na6 14. d5 cxd5 15.
exd5 Bf5 16. Nb5 Bd7 17. Nxd6+ Kf8 18. Qd4 Nf6 19. Bg5 Rg8 20. Ne4 Bb5 21. c4
Bxc4 22. Qxc4 Qxd5 23. Qxd5 Nxd5 24. Nd6 Nf6 25. Rae1 Nc5 26. Bxf6 gxf6 27.
Rxf6 Rg7 28. Ref1 Rd8 29. Rxf7+ Rxf7 30. Nxf7 Rd2 31. Ne5+ Ke7 32. Re1 Kf6 33.
Nc4 Rc2 34. b4 axb4 35. axb4 Rxc4 36. bxc5 Rb4 37. Rc1 Ke7 38. c6 bxc6 39. Bxc6
Kd6 40. Kg2 h6 41. h4 Rb6 42. Be8 Ke7 43. Ba4 Kf6 44. Rc6+ Rxc6 45. Bxc6 Kf5
46. Kf3 Kg6 47. Kf4 Kf6 48. Be4 Ke6 49. Kg4 Kf6 50. Kh5 Ke5 51. Bc2 Kf6 52.
Kxh6 Kf7 53. Kh7 Kf8 54. Bb3 Ke7 55. Kg7 Kd6 56. h5 Ke5 57. h6 Kf5 58. h7 1-0

[Event "Hessen Senioren-ch 2012  8th"]
[Site "Bad Sooden-Adf. (14.4.-22.4)"]
[Date "2012.04.19"]
[Round "6.89"]
[White "Wolff, Heinz(37)"]
[Black "Van Houten, Henk"]
[Result "1/2-1/2"]
[WhiteElo "1416"]
[BlackElo "1464"]
[PlyCount "43"]
[EventDate "2012.04.??"]
[EventType "swiss"]
[EventRounds "9"]
[EventCountry "GER"]
[WhiteTeam "Bad Langensalza SV"]
[BlackTeam "Gronau 1920 SC"]

1. d4 d5 2. Nf3 Nf6 3. g3 e6 4. Bg2 Be7 5. O-O O-O 6. Nbd2 Nc6 7. c3 Bd7 8. Re1
b6 9. e4 dxe4 10. Nxe4 Nxe4 11. Rxe4 f5 12. Re1 Rb8 13. Ne5 Nxe5 14. dxe5 Qe8
15. Qc2 Bc6 16. f3 Bc5+ 17. Be3 Qe7 18. Bxc5 Qxc5+ 19. Qf2 Qxf2+ 20. Kxf2 Rbd8
21. Rad1 Kf7 22. Rd4 1/2-1/2

[Event "Hessen Senioren-ch 2012  8th"]
[Site "Bad Sooden-Adf. (14.4.-22.4)"]
[Date "2012.04.19"]
[Round "6.90"]
[White "Maczollek, Helmut"]
[Black "Helm, Irmgard"]
[Result "1-0"]
[WhiteElo "1412"]
[BlackElo "1369"]
[PlyCount "150"]
[EventDate "2012.04.??"]
[EventType "swiss"]
[EventRounds "9"]
[EventCountry "GER"]
[WhiteTeam "Lage Turm SK"]
[BlackTeam "Berlin Oberschöneweide TSG"]

1. d4 d5 2. Nf3 e6 3. e3 a6 4. Nbd2 b5 5. a3 c5 6. b3 cxd4 7. exd4 Nc6 8. Bb2
Bb7 9. Bd3 Nge7 10. O-O g6 11. Qe2 Bg7 12. Ne5 Nxe5 13. dxe5 O-O 14. Nf3 Rc8
15. Rac1 Nf5 16. Bxf5 gxf5 17. Rfd1 Bh6 18. Rb1 Kh8 19. Bc1 f4 20. Rd4 f6 21.
Bxf4 Bxf4 22. Rxf4 f5 23. Nd4 Qe7 24. Ra1 Rg8 25. g3 Rg6 26. a4 b4 27. Rc1 Qg5
28. Qf3 Rc3 29. Qg2 h5 30. Nf3 Qh6 31. Nd4 h4 32. Rxh4 Qxh4 33. gxh4 Rxg2+ 34.
Kxg2 Bc8 35. Rd1 Kh7 36. f4 Rc7 37. Rd3 Rg7+ 38. Rg3 Rc7 39. Kf2 Kh6 40. Rg5
Rc3 41. Rg3 Rc7 42. Ke2 a5 43. Kd2 Kh5 44. Nb5 Rc5 45. c3 Ba6 46. Nd4 Bc8 47.
cxb4 axb4 48. Nc2 Kxh4 49. Nxb4 Bb7 50. Nd3 Rc8 51. b4 Rc4 52. a5 Rd4 53. Kc2
Rc4+ 54. Kb3 Re4 55. Nc5 d4 56. Nxb7 Re3+ 57. Rxe3 dxe3 58. Kc2 Kg4 59. Kd1 Kf3
60. a6 Kf2 61. a7 e2+ 62. Kc2 e1=Q 63. a8=Q Qe4+ 64. Kb3 Qd3+ 65. Kb2 Qd2+ 66.
Kb3 Qd3+ 67. Kb2 Qd4+ 68. Kb3 Qd3+ 69. Ka4 Qc2+ 70. Kb5 Qd3+ 71. Kb6 Qd4+ 72.
Kb5 Qd5+ 73. Kb6 Qd4+ 74. Nc5 Qxb4+ 75. Kc6 Qc4 1-0

[Event "Hessen Senioren-ch 2012  8th"]
[Site "Bad Sooden-Adf. (14.4.-22.4)"]
[Date "2012.04.19"]
[Round "6.91"]
[White "Knobling, Rolf"]
[Black "Ludwig, Siegfried"]
[Result "1-0"]
[WhiteElo "1346"]
[BlackElo "1412"]
[PlyCount "45"]
[EventDate "2012.04.??"]
[EventType "swiss"]
[EventRounds "9"]
[EventCountry "GER"]
[WhiteTeam "Erfurt USV"]
[BlackTeam "Hemmingen GSV"]

1. e4 e5 2. f4 exf4 3. Nf3 d6 4. d4 Qf6 5. Nc3 c6 6. Bd3 Ne7 7. O-O Ng6 8. Re1
Be7 9. e5 Qe6 10. exd6 Qxd6 11. Qe2 Bg4 12. Ne4 Qd8 13. c3 O-O 14. Nf2 Bh5 15.
Bxg6 Bxf3 16. Bxh7+ Kxh7 17. Qxf3 g5 18. Qe4+ Kg8 19. Qxe7 Qd5 20. Qe4 Qd8 21.
Qe7 Qb6 22. Qxg5+ Kh7 23. Ng4 1-0

[Event "Hessen Senioren-ch 2012  8th"]
[Site "Bad Sooden-Adf. (14.4.-22.4)"]
[Date "2012.04.19"]
[Round "6.92"]
[White "Hespers, Rolf"]
[Black "Freerksen, Uwe"]
[Result "1-0"]
[WhiteElo "1465"]
[BlackElo "1275"]
[PlyCount "87"]
[EventDate "2012.04.??"]
[EventType "swiss"]
[EventRounds "9"]
[EventCountry "GER"]
[WhiteTeam "Weida(Thür) Osterburg TuS"]
[BlackTeam "Emden SK"]

1. d4 d5 2. Nf3 Nf6 3. Bf4 Nc6 4. Nc3 e6 5. Nb5 Bd6 6. Nxd6+ cxd6 7. h3 O-O 8.
c3 Re8 9. e3 e5 10. Bg5 e4 11. Nd2 h6 12. Bh4 a6 13. a4 Nb8 14. Be2 Nbd7 15.
O-O b6 16. c4 Bb7 17. cxd5 Bxd5 18. Rc1 Qb8 19. Rc3 Qb7 20. Qb1 Rac8 21. Rfc1
Rxc3 22. Rxc3 Be6 23. Qc1 Nd5 24. Rc2 f5 25. Bg3 N7f6 26. Bxd6 Rc8 27. g3 Rxc2
28. Qxc2 f4 29. Nxe4 Bxh3 30. Bf3 Qf7 31. Nxf6+ Nxf6 32. Bxf4 Qa2 33. Be2 Qa1+
34. Qd1 Qxb2 35. Bxa6 Ng4 36. Be2 Nf6 37. Bf3 Qc3 38. Be5 Qc4 39. Bxf6 gxf6 40.
Bg4 Bxg4 41. Qxg4+ Kh7 42. Qd7+ Kg6 43. d5 f5 44. Qc6+ 1-0

[Event "Hessen Senioren-ch 2012  8th"]
[Site "Bad Sooden-Adf. (14.4.-22.4)"]
[Date "2012.04.19"]
[Round "6.93"]
[White "Kage, August"]
[Black "Ludwig, Richard(44)"]
[Result "1/2-1/2"]
[WhiteElo "1346"]
[BlackElo "1497"]
[PlyCount "58"]
[EventDate "2012.04.??"]
[EventType "swiss"]
[EventRounds "9"]
[EventCountry "GER"]
[WhiteTeam "Göttingen Rot-Weiß ESV"]
[BlackTeam "Irxleben SV"]

1. d4 Nf6 2. c4 e5 3. e3 exd4 4. exd4 Bb4+ 5. Bd2 Bxd2+ 6. Nxd2 O-O 7. Be2 Nc6
8. Ngf3 Re8 9. O-O d6 10. a3 h6 11. Bd3 Bg4 12. h3 Bd7 13. b4 a6 14. Nb3 Ne7
15. Qc2 Qc8 16. Kh2 Bf5 17. Rae1 Bxd3 18. Qxd3 Qd7 19. Re3 Ng6 20. Rfe1 Rxe3
21. Rxe3 Re8 22. g3 Re7 23. Nbd2 Qd8 24. d5 Rxe3 25. Qxe3 Qd7 26. Kg2 Kf8 27.
Ne4 Nxe4 28. Qxe4 Qe7 29. Qe3 Qxe3 1/2-1/2

[Event "Hessen Senioren-ch 2012  8th"]
[Site "Bad Sooden-Adf. (14.4.-22.4)"]
[Date "2012.04.19"]
[Round "6.94"]
[White "Britz, Helmut"]
[Black "Grueneschild, Hildegard"]
[Result "1/2-1/2"]
[WhiteElo "1344"]
[BlackElo "1380"]
[PlyCount "50"]
[EventDate "2012.04.??"]
[EventType "swiss"]
[EventRounds "9"]
[EventCountry "GER"]
[WhiteTeam "GER/"]
[BlackTeam "München Schach-Union"]

1. e4 c5 2. Nf3 d6 3. d4 cxd4 4. Nxd4 Nf6 5. Nc3 a6 6. Bd3 e6 7. O-O h6 8. h3
Be7 9. b3 Bd7 10. Bb2 Nc6 11. Nce2 Nxd4 12. Bxd4 e5 13. Bb2 Bc6 14. Ng3 g6 15.
c4 Nd7 16. f4 Qb6+ 17. Kh2 exf4 18. Rxf4 Bg5 19. Rf1 Nc5 20. Bc2 Rd8 21. Qd4 f6
22. Rae1 Qc7 23. Qc3 Nd7 24. Re2 Ne5 25. Nh1 Qe7 1/2-1/2

[Event "Hessen Senioren-ch 2012  8th"]
[Site "Bad Sooden-Adf. (14.4.-22.4)"]
[Date "2012.04.19"]
[Round "6.95"]
[White "Borkenhagen, Bernd"]
[Black "Graffenberger, Marianne"]
[Result "1-0"]
[WhiteElo "1358"]
[BlackElo "1129"]
[PlyCount "81"]
[EventDate "2012.04.??"]
[EventType "swiss"]
[EventRounds "9"]
[EventCountry "GER"]
[WhiteTeam "Hamelner SV"]
[BlackTeam "Hamburger SK"]

1. d4 d5 2. e3 Nf6 3. Bd3 Bd7 4. Nd2 Nc6 5. c3 e5 6. dxe5 Nxe5 7. Be2 Be7 8.
Ngf3 Nxf3+ 9. Bxf3 c6 10. O-O O-O 11. Re1 Qc8 12. h3 Bf5 13. Nf1 Qc7 14. Ng3
Bg6 15. Nf1 Rad8 16. b3 Ne4 17. Bb2 Bf6 18. Qc1 Nc5 19. Be2 Nd3 20. Bxd3 Bxd3
21. Nd2 Bg6 22. c4 Bxb2 23. Qxb2 Rfe8 24. cxd5 Rxd5 25. Rad1 Qe5 26. Qxe5 Rexe5
27. Nc4 Rxd1 28. Rxd1 Re8 29. Na5 Bc2 30. Rd2 Be4 31. Nxb7 g6 32. Nd6 Rd8 33.
Nxe4 Rxd2 34. Nxd2 Kf8 35. f4 Ke7 36. Kf2 f5 37. Kf3 Kd6 38. e4 fxe4+ 39. Kxe4
a5 40. Nc4+ Ke6 41. Nxa5 1-0

[Event "Hessen Senioren-ch 2012  8th"]
[Site "Bad Sooden-Adf. (14.4.-22.4)"]
[Date "2012.04.19"]
[Round "6.96"]
[White "Nols, Uwe"]
[Black "Girod, Gudrun"]
[Result "1/2-1/2"]
[WhiteElo "1171"]
[BlackElo "1301"]
[PlyCount "20"]
[EventDate "2012.04.??"]
[EventType "swiss"]
[EventRounds "9"]
[EventCountry "GER"]
[WhiteTeam "Itzehoer SV"]
[BlackTeam "Hannover 96 Schach"]

1. e4 d5 2. d4 dxe4 3. Bc4 e6 4. Nc3 Nf6 5. a3 c6 6. Nge2 Be7 7. O-O h6 8. Ng3
O-O 9. Ncxe4 Nxe4 10. Nxe4 Nd7 1/2-1/2

[Event "Hessen Senioren-ch 2012  8th"]
[Site "Bad Sooden-Adf. (14.4.-22.4)"]
[Date "2012.04.19"]
[Round "6.97"]
[White "Luebbers, Doris Dr"]
[Black "Ludwig, Egbert"]
[Result "1-0"]
[WhiteElo "1345"]
[BlackElo "1124"]
[PlyCount "95"]
[EventDate "2012.04.??"]
[EventType "swiss"]
[EventRounds "9"]
[EventCountry "GER"]
[WhiteTeam "Königstein/Schwalbach Sfr."]
[BlackTeam "Eichholz-Remmighaus TuS"]

1. d4 e6 2. Nf3 d5 3. e3 Nf6 4. Bd3 Bd6 5. Nbd2 Nbd7 6. c3 e5 7. dxe5 Nxe5 8.
Nxe5 Bxe5 9. Nf3 Bd6 10. O-O O-O 11. Re1 Re8 12. Qc2 c6 13. e4 dxe4 14. Bxe4
Nxe4 15. Rxe4 Rxe4 16. Qxe4 Qe7 17. Qxe7 Bxe7 18. Be3 Be6 19. Nd4 Bd5 20. b3 c5
21. Ne2 Rd8 22. Rc1 b6 23. Kf1 Bb7 24. Bf4 Rd7 25. f3 Ba6 26. c4 g6 27. Ke1
Bh4+ 28. g3 Bf6 29. Rc2 Bb7 30. Kf2 g5 31. Be3 h6 32. Rd2 Rxd2 33. Bxd2 Kg7 34.
Bc3 Kg6 35. Bxf6 Kxf6 36. Ke3 Ke6 37. Nc3 f5 38. Nb5 a6 39. Nc3 Bc6 40. h3 h5
41. Ne2 Ke5 42. f4+ Kf6 43. Nc3 Bg2 44. h4 Bc6 45. hxg5+ Kg6 46. Nd5 b5 47.
Ne7+ Kf7 48. Nxc6 1-0

[Event "Hessen Senioren-ch 2012  8th"]
[Site "Bad Sooden-Adf. (14.4.-22.4)"]
[Date "2012.04.19"]
[Round "6.99"]
[White "Geibel, Henning"]
[Black "Brahn, Roswitha"]
[Result "1-0"]
[WhiteElo "1237"]
[BlackElo "1014"]
[PlyCount "41"]
[EventDate "2012.04.??"]
[EventType "swiss"]
[EventRounds "9"]
[EventCountry "GER"]
[WhiteTeam "Bargteheide SV"]
[BlackTeam "Burghaun SG"]

1. d4 d5 2. Bf4 e6 3. Nf3 Nc6 4. e3 Nf6 5. c4 Be7 6. Nc3 a6 7. cxd5 Nxd5 8. Bg3
Nxc3 9. bxc3 O-O 10. Bd3 h6 11. O-O Re8 12. e4 b5 13. Bc2 Bb7 14. Qd3 Kf8 15.
e5 Bg5 16. Qh7 Nb8 17. h4 Bxf3 18. hxg5 Bh5 19. gxh6 Ke7 20. Qxg7 Rg8 21. Bh4+
1-0

[Event "Hessen Senioren-ch 2012  8th"]
[Site "Bad Sooden-Adf. (14.4.-22.4)"]
[Date "2012.04.19"]
[Round "6.100"]
[White "Rehder, Frank"]
[Black "Papapostolou, Christos"]
[Result "0-1"]
[WhiteElo "1705"]
[BlackElo "1933"]
[PlyCount "59"]
[EventDate "2012.04.??"]
[EventType "swiss"]
[EventRounds "9"]
[EventCountry "GER"]
[WhiteTeam "Berlin Zugzwang 95 SC"]
[BlackTeam "Bad Sooden-Allendorf SK"]

1. d4 Nf6 2. Nf3 d6 3. c4 Nbd7 4. Nc3 c6 5. e4 Qc7 6. Be2 e5 7. O-O g6 8. h3
Bg7 9. Be3 O-O 10. Qd2 Re8 11. d5 a6 12. Rfc1 Bf8 13. g4 Nc5 14. Qc2 a5 15. Nd2
h5 16. g5 Nh7 17. Bf1 Be7 18. Nf3 Rf8 19. Bg2 Qd8 20. Qd2 cxd5 21. cxd5 b6 22.
Kh2 Ba6 23. Rg1 b5 24. Bxc5 dxc5 25. Nxe5 b4 26. Na4 Bb5 27. b3 Bd6 28. f4 c4
29. Qc2 Bxe5 30. fxe5 0-1

[Event "Hessen Senioren-ch 2012  8th"]
[Site "Bad Sooden-Adf. (14.4.-22.4)"]
[Date "2012.04.19"]
[Round "6.101"]
[White "Semisch, Helga"]
[Black "Stuiber, Ingeborg"]
[Result "1/2-1/2"]
[WhiteElo "1256"]
[BlackElo "982"]
[PlyCount "50"]
[EventDate "2012.04.??"]
[EventType "swiss"]
[EventRounds "9"]
[EventCountry "GER"]
[WhiteTeam "Schmalkalden 04 SV"]
[BlackTeam "Euskirchen SK"]

1. d4 d5 2. e3 e6 3. Bd3 f5 4. Nf3 Bd6 5. Nbd2 Nf6 6. c4 c6 7. O-O Nbd7 8. Ng5
Qe7 9. Rb1 Ne4 10. Ngxe4 fxe4 11. Be2 Nf6 12. c5 Bc7 13. f4 O-O 14. b4 a6 15.
Rf2 Bd7 16. a4 Be8 17. Nf1 g6 18. Bd2 Bd8 19. Ng3 Qd7 20. Ra1 b6 21. Rb1 b5 22.
Kf1 Ra7 23. h4 Bf7 24. Ke1 Qc8 25. Nh1 Kg7 1/2-1/2

[Event "Hessen Senioren-ch 2012  8th"]
[Site "Bad Sooden-Adf. (14.4.-22.4)"]
[Date "2012.04.19"]
[Round "6.102"]
[White "Stark, Werner(51)"]
[Black "Bartl, Birgit"]
[Result "1/2-1/2"]
[WhiteElo "1084"]
[BlackElo "1096"]
[PlyCount "43"]
[EventDate "2012.04.??"]
[EventType "swiss"]
[EventRounds "9"]
[EventCountry "GER"]
[WhiteTeam "Königstein/Schwalbach Sfr."]
[BlackTeam "Erfurt USV"]

1. e4 c5 2. Nf3 e6 3. Bc4 Nf6 4. Nc3 d6 5. d3 Nc6 6. Bg5 Be7 7. O-O O-O 8. Re1
a6 9. a3 Re8 10. Qd2 b5 11. Ba2 Bb7 12. Re2 Rc8 13. Rae1 Ne5 14. Nxe5 dxe5 15.
Re3 Nh5 16. Bxe7 Qxe7 17. Qe2 Nf4 18. Qg4 Rcd8 19. Rg3 Ng6 20. Ne2 Bc8 21. Bb3
a5 22. a4 1/2-1/2

[Event "Hessen Senioren-ch 2012  8th"]
[Site "Bad Sooden-Adf. (14.4.-22.4)"]
[Date "2012.04.20"]
[Round "7.2"]
[White "Ljubarskij, Juri"]
[Black "Franck, Rudolf"]
[Result "1-0"]
[WhiteElo "2168"]
[BlackElo "2064"]
[PlyCount "25"]
[EventDate "2012.04.??"]
[EventType "swiss"]
[EventRounds "9"]
[EventCountry "GER"]
[WhiteTeam "Hannover 96 Schach"]
[BlackTeam "Ellwangen SC"]

1. e4 d6 2. d4 g6 3. Nf3 Bg7 4. Be2 Nf6 5. Nc3 O-O 6. O-O Nbd7 7. Bg5 h6 8. Bh4
Nh7 9. Qd2 c6 10. Rfe1 Re8 11. Rad1 c5 12. Bf1 Qa5 13. a3 1-0

[Event "Hessen Senioren-ch 2012  8th"]
[Site "Bad Sooden-Adf. (14.4.-22.4)"]
[Date "2012.04.20"]
[Round "7.3"]
[White "Lang, Ferdinand(49)"]
[Black "Piankov, Evgenij"]
[Result "0-1"]
[WhiteElo "2051"]
[BlackElo "2271"]
[PlyCount "74"]
[EventDate "2012.04.??"]
[EventType "swiss"]
[EventRounds "9"]
[EventCountry "GER"]
[WhiteTeam "Bad Wimpfen SC"]
[BlackTeam "UKR (Ukraine)"]
[BlackTeamCountry "UKR"]

1. e4 g6 2. d4 Bg7 3. Nf3 c6 4. Nc3 d5 5. e5 f6 6. Bf4 Qb6 7. Na4 Qa5+ 8. c3
Nh6 9. Nc5 O-O 10. Qd2 Nf7 11. exf6 exf6 12. Be2 Re8 13. O-O Nd7 14. Nd3 Nf8
15. Rfe1 Qd8 16. h3 Ne6 17. Be3 Nd6 18. b3 Nf5 19. Nf4 Nc7 20. c4 Nxe3 21. fxe3
Bh6 22. Bd3 Qd6 23. c5 Qd8 24. Qf2 Ne6 25. Qg3 Qc7 26. Bxg6 Qg7 27. Nh5 Qxg6
28. Nxf6+ Kf8 29. Qd6+ Re7 30. Ne5 Qxf6 31. Rf1 Bxe3+ 32. Kh1 Bf4 33. g3 Qf5
34. Kh2 Ke8 35. gxf4 Nxd4 36. Ng4 Be6 37. Rae1 Rd8 0-1

[Event "Hessen Senioren-ch 2012  8th"]
[Site "Bad Sooden-Adf. (14.4.-22.4)"]
[Date "2012.04.20"]
[Round "7.4"]
[White "Zunker, Reinhard Dr"]
[Black "Ugolyk, Vitaliy"]
[Result "1/2-1/2"]
[WhiteElo "2030"]
[BlackElo "2210"]
[PlyCount "41"]
[EventDate "2012.04.??"]
[EventType "swiss"]
[EventRounds "9"]
[EventCountry "GER"]
[WhiteTeam "Hofheim 1920 SV"]
[BlackTeam "Fulda SC"]

1. d4 Nf6 2. Nf3 e6 3. c4 c5 4. Nc3 cxd4 5. Nxd4 Nc6 6. Ndb5 d6 7. Bf4 e5 8.
Bg5 a6 9. Na3 Be7 10. g3 O-O 11. Bg2 Be6 12. O-O h6 13. Bxf6 Bxf6 14. Nd5 Bxd5
15. Bxd5 e4 16. Qd2 Qb6 17. Rab1 Rfe8 18. Nc2 a5 19. Rfd1 Rac8 20. a3 a4 21.
Qe3 1/2-1/2

[Event "Hessen Senioren-ch 2012  8th"]
[Site "Bad Sooden-Adf. (14.4.-22.4)"]
[Date "2012.04.20"]
[Round "7.5"]
[White "Achenbach, Manfred"]
[Black "Bakhmatov, Eduard"]
[Result "0-1"]
[WhiteElo "1989"]
[BlackElo "2198"]
[PlyCount "55"]
[EventDate "2012.04.??"]
[EventType "swiss"]
[EventRounds "9"]
[EventCountry "GER"]
[WhiteTeam "Mülheim 08/25 SC"]
[BlackTeam "Hattingen SV"]

1. Nf3 Nf6 2. c4 c5 3. g3 e6 4. Bg2 d5 5. O-O Nc6 6. d3 Be7 7. Qc2 O-O 8. a3 b6
9. Nbd2 Bb7 10. e4 dxe4 11. dxe4 Qd7 12. Re1 Ng4 13. h3 Nge5 14. Nxe5 Nxe5 15.
Nf1 Qd3 16. Qxd3 Nxd3 17. Rd1 Rad8 18. f4 Rd7 19. Ne3 Rfd8 20. b3 g5 21. Ra2
gxf4 22. gxf4 Nxf4 23. Nd5 exd5 24. Bxf4 dxe4 25. Rxd7 Rxd7 26. Bf1 f5 27. Bg2
Kf7 28. Bb8 0-1

[Event "Hessen Senioren-ch 2012  8th"]
[Site "Bad Sooden-Adf. (14.4.-22.4)"]
[Date "2012.04.20"]
[Round "7.6"]
[White "Oud, Niek"]
[Black "Haubt, Georg"]
[Result "0-1"]
[WhiteElo "2162"]
[BlackElo "2189"]
[PlyCount "68"]
[EventDate "2012.04.??"]
[EventType "swiss"]
[EventRounds "9"]
[EventCountry "GER"]
[WhiteTeam "NED/Amstelveen"]
[BlackTeam "Oberursel SV"]
[WhiteTeamCountry "NED"]

1. d4 Nf6 2. c4 e6 3. Nf3 b6 4. Nc3 Bb4 5. Bd2 Bb7 6. e3 c5 7. dxc5 bxc5 8. Be2
O-O 9. O-O d5 10. cxd5 exd5 11. Qb3 Qe7 12. Rfe1 Rd8 13. a3 Ba5 14. Qa4 Bb6 15.
b4 Ne4 16. bxc5 Nxc5 17. Qc2 Nc6 18. Nb5 Ne4 19. Bd3 Rac8 20. Qb1 Ne5 21. Bb4
Nxf3+ 22. gxf3 Qg5+ 23. Kf1 a5 24. fxe4 axb4 25. Nd4 dxe4 26. Bxe4 Ba6+ 27. Bd3
Bxd3+ 28. Qxd3 Rc3 29. Qb5 Qh6 30. axb4 Qh3+ 31. Kg1 Bc7 32. f4 Rxe3 33. Rxe3
Qxe3+ 34. Kg2 Qxd4 0-1

[Event "Hessen Senioren-ch 2012  8th"]
[Site "Bad Sooden-Adf. (14.4.-22.4)"]
[Date "2012.04.20"]
[Round "7.7"]
[White "Kierzek, Matthias Dr"]
[Black "Limberg, Siegfried"]
[Result "1-0"]
[WhiteElo "2138"]
[BlackElo "1980"]
[PlyCount "111"]
[EventDate "2012.04.??"]
[EventType "swiss"]
[EventRounds "9"]
[EventCountry "GER"]
[WhiteTeam "Fulda SC"]
[BlackTeam "Königstein/Schwalbach Sfr."]

1. d4 d5 2. c4 e6 3. Nc3 Nf6 4. Bg5 Be7 5. e3 O-O 6. Nf3 b6 7. cxd5 exd5 8. Bd3
Bb7 9. Ne5 h6 10. Bxf6 Bxf6 11. f4 Nd7 12. O-O Nxe5 13. fxe5 Bg5 14. Qf3 Qd7
15. Bf5 Qe8 16. Rae1 c6 17. Bd3 Rd8 18. g3 Bc8 19. h4 Be7 20. Qh5 f5 21. Qf3
Be6 22. Kg2 Bb4 23. Rc1 c5 24. Nb5 Qd7 25. Nc3 c4 26. Be2 g6 27. Rh1 b5 28. Nd1
a5 29. Nf2 Kg7 30. Nh3 Be7 31. Nf4 b4 32. Bd1 Ra8 33. Ba4 Qc8 34. Nxd5 Bxd5 35.
Qxd5 c3 36. bxc3 bxc3 37. Qc6 Ra6 38. Qxc8 Rxc8 39. d5 Ba3 40. Rc2 Rb6 41. d6
Rb2 42. Rd1 Kf8 43. e6 Bxd6 44. Rxd6 Ke7 45. Rd3 Rc5 46. Rdxc3 Rxc3 47. Rxb2
Kxe6 48. Rb6+ Ke5 49. Rxg6 Rxe3 50. Bb3 Kd4 51. Rxh6 a4 52. Bg8 Re2+ 53. Kf3
Re4 54. Ra6 Kc3 55. h5 Rg4 56. Ra8 1-0

[Event "Hessen Senioren-ch 2012  8th"]
[Site "Bad Sooden-Adf. (14.4.-22.4)"]
[Date "2012.04.20"]
[Round "7.8"]
[White "Lindner, Jan Joost"]
[Black "Schirmer, Werner"]
[Result "1-0"]
[WhiteElo "2105"]
[BlackElo "1920"]
[PlyCount "99"]
[EventDate "2012.04.??"]
[EventType "swiss"]
[EventRounds "9"]
[EventCountry "GER"]
[WhiteTeam "NED (Niederlande)"]
[BlackTeam "Hamburger SK"]
[WhiteTeamCountry "NED"]

1. f4 c5 2. Nf3 g6 3. e4 d6 4. Bb5+ Bd7 5. Bxd7+ Qxd7 6. O-O Bg7 7. Nc3 Nc6 8.
d3 e6 9. Be3 Nd4 10. Bxd4 cxd4 11. Ne2 Qa4 12. f5 gxf5 13. exf5 exf5 14. Ng3
O-O-O 15. Nxf5 Bf6 16. Qd2 Ne7 17. Nh6 Nd5 18. Nxf7 Ne3 19. Rf2 Rhg8 20. Nxd8
Bxd8 21. c3 Ng4 22. Re2 Bb6 23. Kh1 dxc3 24. Qxc3+ Kb8 25. Rc1 a6 26. d4 Qxa2
27. Qc4 Qxc4 28. Rxc4 d5 29. Rcc2 Nf6 30. Re6 Bd8 31. Ne5 Ne4 32. Nd7+ Ka7 33.
Rc8 b6 34. Rec6 Kb7 35. R6c7+ Bxc7 36. Rxg8 Bf4 37. Ne5 Be3 38. Rg7+ Kc8 39.
Nc6 Nf2+ 40. Kg1 Ng4+ 41. Kf1 Nxh2+ 42. Ke2 Bg1 43. Rxh7 Ng4 44. Ne7+ Kd7 45.
Nxd5+ Kd6 46. Nxb6 Nf6 47. Rh4 Kc6 48. Kd3 Ne8 49. Nc4 Ng7 50. Rh6+ 1-0

[Event "Hessen Senioren-ch 2012  8th"]
[Site "Bad Sooden-Adf. (14.4.-22.4)"]
[Date "2012.04.20"]
[Round "7.9"]
[White "Weyrauch, Erich"]
[Black "Knaak, Joachim"]
[Result "1/2-1/2"]
[WhiteElo "1989"]
[BlackElo "2099"]
[PlyCount "123"]
[EventDate "2012.04.??"]
[EventType "swiss"]
[EventRounds "9"]
[EventCountry "GER"]
[WhiteTeam "Letmathe SV"]
[BlackTeam "Dresden-Leuben SV"]

1. e4 c5 2. Nf3 d6 3. d4 cxd4 4. Nxd4 Nf6 5. Nc3 g6 6. Be2 Bg7 7. Be3 Nc6 8.
Qd2 O-O 9. f3 d5 10. Nxc6 bxc6 11. Rd1 Qc7 12. exd5 Nxd5 13. Nxd5 cxd5 14. c3
Rd8 15. O-O Rb8 16. f4 a5 17. Bd4 f6 18. b3 e5 19. fxe5 fxe5 20. Bf2 Be6 21.
Qe3 Rdc8 22. Rc1 Bf8 23. Ba6 Rd8 24. Rfe1 Bd6 25. Kh1 e4 26. g3 Bf5 27. c4 d4
28. Qxd4 Ba3 29. Qe3 Bxc1 30. Rxc1 Rd3 31. Qc5 Qd6 32. Qxd6 Rxd6 33. Bb5 Rd2
34. Be3 Rxa2 35. Rd1 Bg4 36. Re1 Bf3+ 37. Kg1 Rg2+ 38. Kf1 Rxh2 39. Bc6 Rxb3
40. Bd5+ Kg7 41. Bd4+ Kh6 42. c5 Rh1+ 43. Kf2 Rxe1 44. Bxb3 Re2+ 45. Kf1 a4 46.
Bxa4 Ra2 47. Be3+ g5 48. Be8 Be2+ 49. Ke1 Ba6 50. Kd1 Rg2 51. c6 Rxg3 52. Bc5
Rd3+ 53. Kc2 g4 54. Bd7 Kg5 55. Be6 Rg3 56. c7 h5 57. Be7+ Kg6 58. c8=Q Bxc8
59. Bxc8 Rg2+ 60. Kd1 Ra2 61. Be6 Rb2 62. Ke1 1/2-1/2

[Event "Hessen Senioren-ch 2012  8th"]
[Site "Bad Sooden-Adf. (14.4.-22.4)"]
[Date "2012.04.20"]
[Round "7.10"]
[White "Liebert, Heinz"]
[Black "Bachmann, Rolf"]
[Result "1/2-1/2"]
[WhiteElo "2155"]
[BlackElo "1933"]
[PlyCount "48"]
[EventDate "2012.04.??"]
[EventType "swiss"]
[EventRounds "9"]
[EventCountry "GER"]
[WhiteTeam "Halle Volksbank USV"]
[BlackTeam "Hamm SVg"]

1. c4 Nf6 2. Nf3 e6 3. g3 d5 4. Bg2 c6 5. d4 Be7 6. O-O O-O 7. Nc3 b6 8. Ne5
Bb7 9. b3 Nbd7 10. Bb2 Nxe5 11. dxe5 Nd7 12. cxd5 exd5 13. e4 Nxe5 14. f4 Nd7
15. exd5 cxd5 16. Nxd5 Bxd5 17. Qxd5 Rc8 18. Rad1 Nf6 19. Qf5 Rc5 20. Be5 Qc8
21. Qxc8 Rcxc8 22. Bxf6 Bxf6 23. Rd7 a5 24. Rfd1 Rcd8 1/2-1/2

[Event "Hessen Senioren-ch 2012  8th"]
[Site "Bad Sooden-Adf. (14.4.-22.4)"]
[Date "2012.04.20"]
[Round "7.11"]
[White "Gerhardt, Peter-Michael"]
[Black "Ghijsen, Pim"]
[Result "1/2-1/2"]
[WhiteElo "1916"]
[BlackElo "1906"]
[PlyCount "45"]
[EventDate "2012.04.??"]
[EventType "swiss"]
[EventRounds "9"]
[EventCountry "GER"]
[WhiteTeam "Vahr SC"]
[BlackTeam "NED/Amsterdam VAS"]
[BlackTeamCountry "NED"]

1. d4 d5 2. c4 c6 3. Nc3 Nf6 4. Nf3 a6 5. e3 b5 6. cxd5 cxd5 7. Be2 e6 8. O-O
Be7 9. Ne5 O-O 10. f4 Bb7 11. Bd2 Nc6 12. Nxc6 Bxc6 13. a3 Qb6 14. Bd3 Ne4 15.
f5 exf5 16. Rxf5 Nxc3 17. Bxc3 g6 18. Rh5 f5 19. Rh3 Bd7 20. Rf3 Bd6 21. g3
Rae8 22. Qb3 Be6 23. Bb4 1/2-1/2